सामलगमलाः (Record no. 53938)

MARC details
000 -LEADER
fixed length control field 02729nam a22003617a 4500
005 - DATE AND TIME OF LATEST TRANSACTION
control field 20101206113148.0
008 - FIXED-LENGTH DATA ELEMENTS--GENERAL INFORMATION
fixed length control field 101206t xxu||||| |||| 00| 0 hin d
010 ## - LCCN (DPL NO)
LC control number HIN-93225 B-480208-212
020 ## - INTERNATIONAL STANDARD BOOK NUMBER
Terms of availability 750.00
International Standard Book Number 9788171247608
035 ## - SYSTEM CONTROL NUMBER
System control number HN-65571 B-480208-212
037 ## - SOURCE OF ACQUISITION
Source of stock number/acquisition DBAD/PUB
037 ## - SOURCE OF ACQUISITION
Source of stock number/acquisition विर्चुअस पब्लिकेशंस
040 ## - CATALOGING SOURCE
Original cataloging agency DPL
Language of cataloging HN
082 ## - DEWEY DECIMAL CLASSIFICATION NUMBER
Classification number
100 ## - MAIN ENTRY--PERSONAL NAME
9 (RLIN) 24598
Personal name राय, विवेकी
245 ## - TITLE STATEMENT
Title सामलगमलाः
Remainder of title कहानी-समग्र /
Statement of responsibility, etc विवेकी राय
246 ## - VARYING FORM OF TITLE
Title proper/short title Samalagamaia
Remainder of title by Viveki Tai
260 ## - PUBLICATION, DISTRIBUTION, ETC. (IMPRINT)
Place of publication, distribution, etc वाराणसी
Name of publisher, distributor, etc विश्वविद्यालय प्रकाशन
Date of publication, distribution, etc 2011
270 ## - ADDRESS
City वाराणसी
Address पो.बॉ 1149, विशालाक्षी भवन, चौक
Postal code 221001
Telephone number 0542- 2413741
Electronic mail address sales@vvpbooks.com
300 ## - PHYSICAL DESCRIPTION
Extent xi,651पृ.
Dimensions 22सेमी (सजिल्द)
650 ## - SUBJECT ADDED ENTRY--TOPICAL TERM
9 (RLIN) 1169
Topical term or geographic name as entry element लघु कथाएँ, हिन्दी
650 ## - SUBJECT ADDED ENTRY--TOPICAL TERM
9 (RLIN) 29580
Topical term or geographic name as entry element Short Stories, Hindi
700 ## - ADDED ENTRY--PERSONAL NAME
9 (RLIN) 24599
700 ## - ADDED ENTRY--PERSONAL NAME
9 (RLIN) 24924
942 ## - ADDED ENTRY ELEMENTS (KOHA)
Source of classification or shelving scheme Dewey Decimal Classification
Item type Hindi Books
Call number suffix रायवि
Classification part
Holdings
Withdrawn status Lost status Source of classification or shelving scheme Damaged status Not for loan Collection code Home library Current library Date acquired Source of acquisition Cost, normal purchase price Total Checkouts Full call number Barcode Date last seen Copy number Cost, replacement price Koha item type Total Renewals Checked out
    Dewey Decimal Classification     Fiction Central Library Central Library 13/09/2012 विर्चुअस पब्लिकेशंस/2012-13/IN239/18.04.12/38/20.03.12/19.06.12 750.00 3 क रायवि B-480208 06/03/2024 1 750.00 Hindi Books 2  
    Dewey Decimal Classification   Not For Loan Fiction D.B.Act.Division D.B.Act.Division 18/07/2011 DBAD / PUB 750.00   क रायवि HN-65571 18/07/2011 1 750.00 Hindi Books    
    Dewey Decimal Classification     Fiction Karol Bagh Karol Bagh 13/09/2012 विर्चुअस पब्लिकेशंस/2012-13/IN239/18.04.12/38/20.03.12/19.06.12 750.00   क रायवि B-480211 13/09/2012 1 750.00 Hindi Books    
    Dewey Decimal Classification     Fiction Patel Nagar Patel Nagar 13/09/2012 विर्चुअस पब्लिकेशंस/2012-13/IN239/18.04.12/38/20.03.12/19.06.12 750.00 1 क रायवि B-480209 04/03/2020 1 750.00 Hindi Books 1 30/03/2020
    Dewey Decimal Classification     Fiction Sarojini Nagar Sarojini Nagar 13/09/2012 विर्चुअस पब्लिकेशंस/2012-13/IN239/18.04.12/38/20.03.12/19.06.12 750.00   क रायवि B-480210 13/09/2012 1 750.00 Hindi Books    
    Dewey Decimal Classification     Fiction Shahdara Branch Shahdara Branch 13/09/2012 विर्चुअस पब्लिकेशंस/2012-13/IN239/18.04.12/38/20.03.12/19.06.12 750.00 2 क रायवि B-480212 11/08/2025 1 750.00 Hindi Books    

© Delhi Public Library
Hit Counter
free hit counter